Responses for show #2064 - Thursday, July 22, 1993

1993 Seniors Tournament final game 1.

Contestants

Will Herrera, a retired airline pilot originally from Pueblo, Colorado

Hugh Murphy, a bank officer from Hockessin, Delaware

Marilyn Kneeland, a retired teacher from San Diego, California

Jeopardy! Round responses

HISTORY
REPUBLICANS
BRITISH WORDS
BRAINS
BRAWN
REAL NAMES ON THE MARQUEE
    $100 3
horses

Hugh
    $100 11
Maureen Reagan

Will
    $100 2
wellingtons

Will
    $100 12
Albert Einstein

Will
    $100 23
Paul Bunyan

Marilyn
    $100 1
[ERRATUM: LeSueur is the surname.]

Bette Davis & Joan Crawford

Hugh
    $200 6
Holy Ghost

Will
    $200 10
Nelson Rockefeller

Will
    $200 4
(Will: What is the [*]?)
[Will's response was ruled incorrect and the decision was reversed in the second segment.]

intermission (*entr'acte)

HughWill
    $200 13
(Hugh: What is the, uh, Tournament of Champions?)
(Alex: On?)

Tournament of Champions on Jeopardy!

Hugh
    $200 24
Samson

Marilyn
    $200 8
(Hugh: Who are, um, Mia Farrow and...?)

Mia Farrow & Ruth Gordon

MarilynHugh
    $300 7
Rome

Marilyn
    $300 15
Barry Goldwater

Will
    $300 5
cotton candy

Will
    $300 14
Luther Burbank

Will
    $300 25
John

Marilyn
    $300 9
(Hugh: Who's um, Fred Astaire and uh, Fred Astaire and uh...?)
...
(Alex: Hugh is great at getting that first one out but has trouble and gets stuck on that second one.)

Fred Astaire & Ginger Rodgers

HughWill
    $400 17
Pocahontas

Marilyn
    $600 16
Robert Taft

Will
    $400 22
muffler

Marilyn
    $400 29
(Hugh: Who is Pascal?)
(Marilyn: Who is Aristotle?)

Euclid

MarilynHughWill
    $400 26
Atlas

Hugh
    $400 19
[Applause]
(Alex: Right! And you got it in this time. Way to go!)

Greta Garbo & Melvyn Douglas

Hugh
    $500 18
Prague Spring

Marilyn
    $500 21
Oregon

Hugh
    $500 28
Manchester

Hugh
    $500 30
(Will: Who is uh, Marconi?)
(Hugh: Who is Watt?)

Nikola Tesla

HughWill
Triple Stumper
    $500 27
Hulk Hogan

Will
    $500 20
Tony Curtis & Janet Leigh

Marilyn

Scores at the first commercial break (after clue 13):

Marilyn Hugh Will
$500 $100 $1,500

Scores at the end of the Jeopardy! Round:

Marilyn Hugh Will
$2,500 $1,000 $3,100

Double Jeopardy! Round responses

WORLD WAR II
CLASSICAL MUSIC
MOUNTAINS
BUSINESS & INDUSTRY
TELEVISION NOSTALGIA
LITERATURE
    $200 7
Bismarck

Marilyn
    $200 1
Beethoven

Marilyn
    $200 15
Mount Everest

Will
    $200 6
Macy's

Marilyn
    $200 21
The Twilight Zone

Hugh
    $200 22
Friday

Hugh
    $400 8
Aleutian Islands

Will
    $400 2
Mozart

Hugh
    $400 16
Mount St. Helens

Marilyn
    $400 12
Heniz

Hugh
    $400 26
[The end of the round sound signals.]

Sgt. Bilko

Will
    $400 23
gothic

Hugh
    $600 9
Charle de Gaulle

Will
    $600 3
(Will: What is uh, Germany?)
...
(Alex: Yeah, Will narrowed it down for you.)

Austria

MarilynWill
    $600 17
Mount Etna

Hugh
    $600 13
(Marilyn: What is Chase Manhattan?)

Manufacturers Hanover

MarilynWill
    $600 24
Tom Jones

Hugh
    $800 10
USSR

Hugh
    $800 4
Schubert

Hugh
    $800 18
Mount McKinley

Will
    $800 14
bicycles

Triple Stumper
    $800 25
Pride and Prejudice

Will
    $1000 11
(Will: Who was, uh, Ernest J. King?)

(Chester) Nimitz

HughWill
    $1000 5
(Marilyn: Who is Rubenstein?)
[ERRATUM: The title is "Rhapsody on a Theme of Paganini".]

Rachmaninoff

Marilyn
Triple Stumper
    $1,100 19
Georgia

Will
    $1,200 20
(Will: ...What is, uh...)
(Alex: Hurry!)
(Will: Mazda?)
...
(Alex: We have less than a minute to go.)

Sylvania

Will

Scores at the end of the Double Jeopardy! Round:

Marilyn Hugh Will
$2,500 $6,400 $5,200

Final Jeopardy! Round responses

QUOTES OF THE 1960s
MarilynWho was Nureyev?
$1,500
WillWho is ?
$2,200
HughWho is ?
$1,600
Nureyev

Final scores:

Marilyn Hugh Will
$4,000 $4,800 $3,000

Game dynamics:

Coryat scores:

Marilyn Hugh Will
$2,500 $6,400 $6,100
14 R,
3 W
18 R,
4 W
21 R
(including 2 DDs),
4 W
(including 1 DD)

Combined Coryat: $15,000

The J! Archive is created by fans, for fans. The Jeopardy! game show and all elements thereof, including but not limited to copyright and trademark thereto, are the property of Jeopardy Productions, Inc. and are protected under law. This website is not affiliated with, sponsored by, or operated by Jeopardy Productions, Inc. Join the discussion at JBoard.tv.